000
00208nam a2200121Ia 4500
100
_a
None
650
_a
Automobiles
942
_c
BK
245
_a
none
260
_b
none
546
_a
ENGLISH
999
_c
35537
_d
35537